[Event "Berkeley CC De Firmian FNM; 30/90, SD/30"]
[Site "Berkeley"]
[Date "2012.04.20"]
[Round "4.11"]
[White "Xu, Young"]
[Black "Shan, Jonathan"]
[Result "0-1"]
[WhiteElo "1157"]
[BlackElo "1420"]
[PlyCount "58"]
[EventDate "2012.??.??"]

1. e4 c6 2. d4 d5 3. e5 Bf5 4. Nf3 e6 5. Ng5 Nd7 6. Bd3 Bxd3 7. Qxd3 Be7 8.
Nxh7 g6 9. Qh3 Qa5+ 10. Bd2 Qb6 11. Bc3 c5 12. dxc5 Qxc5 13. Nd2 d4 14. Nb3
Qxe5+ 15. Kf1 dxc3 16. bxc3 Qg7 17. Rd1 Rxh7 18. Qd3 Rd8 19. Qb5 Qxc3 20. g3
Qf3 21. Rxd7 Qxh1+ 22. Ke2 Rxd7 23. Nc5 Qd1+ 24. Ke3 Bxc5+ 25. Qxc5 Qd4+ 26.
Qxd4 Rxd4 27. Kxd4 Rxh2 28. f4 Rxc2 29. f5 gxf5 {remainder illegible} 0-1

[Event "Berkeley CC Ch2011 FNM; 30/90, SD/30"]
[Site "Berkeley"]
[Date "2011.12.09"]
[Round "6.14"]
[White "Xu, Young"]
[Black "Shan, Jonathan"]
[Result "0-1"]
[WhiteElo "1187"]
[BlackElo "1448"]
[PlyCount "27"]
[EventDate "2011.??.??"]
[SourceDate "2007.10.22"]

1. e4 c5 2. Nf3 Nc6 3. Ng5 Ne5 4. Qf3 Nxf3+ 5. gxf3 e6 6. d4 d5 7. exd5 exd5 8.
Bb5+ Bd7 9. Bxd7+ Qxd7 10. Be3 h6 11. Nxf7 Kxf7 12. Nd2 Re8 13. O-O-O Rxe3 14.
fxe3 {remainder illegible} 0-1

[Event "Berkeley CC Christiansen FNM; 30/90, SD/"]
[Site "Berkeley"]
[Date "2012.06.08"]
[Round "5.9"]
[White "Xu, Young"]
[Black "Shen, Justin"]
[Result "0-1"]
[WhiteElo "1254"]
[BlackElo "1513"]
[PlyCount "100"]
[EventDate "2012.??.??"]

1. e4 c5 2. Nf3 d6 3. d4 cxd4 4. Nxd4 Nf6 5. Nc3 -- 6. Be3 e6 7. Nf3 Be7 8. e5
dxe5 9. Qxd8+ Bxd8 10. Nxe5 b5 11. g3 Bb7 12. Rg1 Bc7 13. Nd3 Nbd7 14. O-O-O
O-O-O 15. Bg2 Ng4 16. Bxb7+ Kxb7 17. Bd4 e5 18. Bc5 Nxh2 19. Rg2 Nf3 20. Be7
Rde8 21. Nd5 Nd4 22. Nxc7 Kxc7 23. Bb4 Kb6 24. Nxe5 Ne2+ 25. Kb1 Nxe5 26. f4
Nc6 27. Bd2 Ned4 28. Bc3 Ne2 29. Bxg7 Rhg8 30. Be5 Nxg3 31. Rdg1 Nxe5 32. fxe5
Rxe5 33. b3 Reg5 34. Kc1 Ne2+ 35. Rxe2 Rxg1+ 36. Kb2 h5 37. Rh2 R8g5 38. Ka3 a5
39. Rh4 b4+ 40. Ka4 Ra1 41. Rxb4+ axb4 42. Kxb4 Rxa2 43. c4 h4 44. c5+ Kc6 45.
Kc4 Rxc5+ 46. Kb4 Rb5+ 47. Kc4 Rxb3 48. Kxb3 h3 49. Kxa2 h2 50. Kb2 h1=R 0-1

[Event "Purdy FNM; 30/90, SD/30"]
[Site "Berkeley"]
[Date "2010.01.22"]
[Round "3.7"]
[White "Yan, Jimmy"]
[Black "Andries, W Craig"]
[Result "0-1"]
[WhiteElo "1458"]
[BlackElo "1922"]
[PlyCount "58"]
[EventDate "2010.??.??"]
[SourceDate "2007.10.22"]

1. e4 d6 2. Nf3 Nf6 3. Nc3 g6 4. d4 Bg7 5. Bf4 O-O 6. Qd2 c6 7. h3 b5 8. Bd3
Na6 9. a3 Nc7 10. g4 Bd7 11. O-O-O a5 12. Nb1 Nfe8 13. Rdg1 Ne6 14. Bh6 c5 15.
d5 Nd4 16. Nxd4 Bxd4 17. h4 b4 18. h5 Nc7 19. hxg6 fxg6 20. Bxf8 Qxf8 21. Rg2
Be5 22. Kd1 Qf3+ 23. Be2 Qxg2 24. Qh6 Bg7 25. Qxh7+ Kf7 26. Rh6 Qxe4 27. Bd3
Bxg4+ 28. Kd2 Qf4+ 29. Ke1 Qc1# 0-1

[Event "Purdy FNM; 30/90, SD/30"]
[Site "Berkeley"]
[Date "2010.01.29"]
[Round "4.12"]
[White "Yan, Jimmy"]
[Black "Lafferty, Liam M"]
[Result "1/2-1/2"]
[WhiteElo "1458"]
[BlackElo "1155"]
[PlyCount "98"]
[EventDate "2010.??.??"]
[SourceDate "2007.10.22"]

1. e4 c5 2. Nf3 Nc6 3. d4 cxd4 4. Nxd4 d6 5. Nc3 Nf6 6. Be3 a6 7. a3 e6 8. Bc4
Qa5 9. b4 Qc7 10. Qd2 Nxb4 11. Bxe6 Nxc2+ 12. Qxc2 fxe6 13. Rc1 Bd7 14. O-O d5
15. Nxd5 Qxc2 16. Nxf6+ gxf6 17. Rxc2 Rc8 18. Rxc8+ Bxc8 19. Rc1 Kd7 20. Nxe6
Bxa3 21. Nc5+ Bxc5 22. Bxc5 Re8 23. f3 Re6 24. Kf2 b5 25. Bb4 Rc6 26. Rxc6 Kxc6
27. Ke3 Kb6 28. g4 a5 29. Be7 a4 30. Bxf6 b4 31. Kd2 Kb5 32. Ba1 Kc4 33. Kc2 a3
34. Bf6 b3+ 35. Kb1 b2 36. Ka2 Kc5 (36... Kd3 37. Kb1 Be6 38. Bxb2 axb2 39.
Kxb2 Ke3 40. Kc3 Kxf3 41. Kd4 Bxg4 $19) 37. Be7+ Kd4 38. Bxa3 Be6+ 39. Kb1 Ke3
40. Bxb2 Kxf3 41. g5 Kxe4 42. h4 Bf5 43. Bc3 Kf3+ 44. Kc1 Kg4 45. Be1 Kh5 46.
Kd2 Bg6 47. Ke3 Bb1 48. Kf4 Bg6 49. Ke5 Bd3 1/2-1/2

[Event "BCC Adolf Anderssen Friday Night Marath"]
[Site "Berkeley"]
[Date "2009.02.06"]
[Round "5"]
[White "Yan, Jimmy"]
[Black "Macintyre, Brendan"]
[Result "0-1"]
[WhiteElo "1172"]
[BlackElo "1654"]
[PlyCount "72"]
[EventDate "2009.??.??"]
[SourceDate "2007.10.22"]

1. e4 c5 2. Nf3 Nc6 3. d4 cxd4 4. Nxd4 g6 5. Bc4 Bg7 6. Be3 Nf6 7. Nc3 O-O 8.
O-O d6 9. Re1 Ng4 10. Nxc6 bxc6 11. Qd2 Nxe3 12. Qxe3 Qc7 13. Qd2 Rb8 14. Rab1
a6 15. a3 Bb7 16. Qf4 e6 17. Qf3 d5 18. Bb3 Rbd8 19. Rbd1 d4 20. Ne2 c5 21. Bc4
a5 22. c3 Qc6 23. Nf4 a4 24. b3 axb3 25. Bxb3 c4 26. Ba2 d3 27. Qe3 Bxc3 28.
Rf1 Ra8 29. Qc1 Be5 30. Rfe1 Bxf4 31. Qxf4 Rxa3 32. Bb1 Ra5 33. Qd2 Re5 34. Rc1
Rxe4 35. Bxd3 Rxe1+ 36. Qxe1 Qxg2# 0-1

[Event "Berkeley CC Santasiere FNM; 30/90, SD/3"]
[Site "Berkeley CA"]
[Date "2009.09.04"]
[Round "5.10"]
[White "Yan, Jimmy"]
[Black "Magganas, Alexander"]
[Result "1-0"]
[WhiteElo "1287"]
[BlackElo "1380"]
[PlyCount "75"]
[EventDate "2009.??.??"]
[SourceDate "2007.10.22"]

1. e4 e6 2. Nc3 d5 3. exd5 exd5 4. d4 Nf6 5. Nf3 Bd6 6. Bg5 c6 7. Be2 O-O 8.
O-O Re8 9. a3 Bf5 10. Re1 Nbd7 11. b4 Rc8 12. Bd3 Rxe1+ 13. Nxe1 Bxd3 14. Qxd3
Bxh2+ 15. Kh1 Bd6 16. Nf3 h6 17. Bh4 g5 18. Bg3 Bxg3 19. fxg3 Ng4 20. Qd2 Qc7
21. Qe1 Ndf6 22. Ne5 Re8 23. Qf1 Nh5 24. Qf3 Nxe5 25. Qxh5 Nc4 26. Rf1 Rf8 27.
Kh2 Ne3 28. Rf6 Qd7 29. Kg1 Ng4 30. Rf3 Qe8 31. Ne2 f5 32. Nc1 Qe1+ 33. Rf1
Qxg3 34. Nd3 f4 35. Rf3 Qh4 36. Qg6+ Kh8 37. Rh3 f3 38. Rxh4 1-0

[Event "Berkeley CC FNM; 30/90, SD/30"]
[Site "Berkeley"]
[Date "2009.05.15"]
[Round "3.9"]
[White "Yan, Jimmy"]
[Black "Magganas, Alexander"]
[Result "1-0"]
[WhiteElo "1317"]
[BlackElo "1312"]
[PlyCount "57"]
[EventDate "2009.??.??"]
[SourceDate "2007.10.22"]

1. e4 e6 2. d4 d5 3. e5 c5 4. c3 Nc6 5. Nf3 Qb6 6. Be2 Bd7 7. O-O Rc8 8. b3
cxd4 9. cxd4 Nge7 10. Bb2 Nf5 11. h4 a5 12. a3 a4 13. Nbd2 Ncxd4 14. Nxd4 Nxd4
15. Bxd4 Qxd4 16. Rc1 Bxa3 17. Rxc8+ Bxc8 18. Bb5+ Ke7 19. bxa4 Bd7 20. Bxd7
Kxd7 21. Qb3 Rb8 22. Qxa3 Qxd2 23. Qd6+ Kc8 24. Qc5+ Kd8 25. Qd6+ Kc8 26. Qf8+
Kc7 27. Qxf7+ Kc6 28. Qxe6+ Kc5 29. Qd6+ 1-0

[Event "Blackburne Friday Night Marathon"]
[Site "Berkeley"]
[Date "2009.03.27"]
[Round "3.13"]
[White "Yan, Jimmy"]
[Black "Moore, John Robert"]
[Result "1-0"]
[WhiteElo "1315"]
[BlackElo "1295"]
[PlyCount "75"]
[EventDate "2009.??.??"]
[SourceDate "2007.10.22"]

1. e4 e5 2. Nf3 Nf6 3. Nc3 Nc6 4. Bc4 Bc5 5. Nxe5 Nxe5 6. Bxf7+ Nxf7 7. d4 Bb4
8. O-O O-O 9. e5 Bxc3 10. exf6 Bxb2 11. Bxb2 Qxf6 12. Re1 Qb6 13. Rb1 Qg6 14.
Ba3 d6 15. Re3 b6 16. c4 Ba6 17. c5 Rfe8 18. Rbb3 Rad8 19. Qe1 Nh8 20. cxd6
cxd6 21. Bxd6 Bb7 22. g3 Bc6 23. Be5 h6 24. Rbc3 Qf7 25. Rxc6 Ng6 26. Rc7 Rd7
27. Rxd7 Qxd7 28. Qb1 Nxe5 29. dxe5 Qd5 30. Qa1 Re6 31. a4 Kf7 32. Qc3 Rc6 33.
Rf3+ Ke6 34. Qa3 Rc4 35. Qf8 Rc7 36. Qg8+ Kxe5 37. Qe8+ Qe6 38. Re3+ 1-0

[Event "Berkeley CC FNM; 30/90, SD/30"]
[Site "Berkeley"]
[Date "2009.05.01"]
[Round "1.6"]
[White "Yan, Jimmy"]
[Black "Motschenbacher, Von"]
[Result "0-1"]
[WhiteElo "1317"]
[BlackElo "1732"]
[PlyCount "72"]
[EventDate "2009.??.??"]
[SourceDate "2007.10.22"]

1. e4 e6 2. Nc3 d5 3. d4 Bb4 4. Bd3 dxe4 5. Bxe4 Nf6 6. Bg5 c5 7. dxc5 Qxd1+ 8.
Rxd1 O-O 9. Bxf6 gxf6 10. Nge2 Nc6 11. O-O f5 12. Bf3 Ne5 13. Bh5 Bxc5 14. Rfe1
Ng4 15. Bxg4 fxg4 16. Ne4 Be7 17. N2c3 f5 18. Nd6 Bxd6 19. Rxd6 a6 20. b4 Kf7
21. Ne2 b5 22. Nf4 Re8 23. a3 Ra7 24. c3 Rd7 25. Rdxe6 Rxe6 26. Nxe6 Rd3 27.
Nf4 Rxc3 28. Ra1 Bb7 29. h3 gxh3 30. Nxh3 Kf6 31. Kh2 Rb3 32. g3 Be4 33. Nf4
Rb2 34. Kg1 Rb3 35. Ra2 Rb1+ 36. Kh2 Rh1# 0-1

[Event "BCC Adolf Anderssen Friday Night Marath"]
[Site "Berkeley"]
[Date "2009.01.30"]
[Round "4"]
[White "Yan, Jimmy"]
[Black "Muntean, Tudor"]
[Result "0-1"]
[WhiteElo "1172"]
[BlackElo "1428"]
[PlyCount "94"]
[EventDate "2009.??.??"]
[SourceDate "2007.10.22"]

1. e4 e5 2. Nf3 Nf6 3. Nc3 Bb4 4. Bd3 O-O 5. O-O Nc6 6. Nd5 Nxd5 7. exd5 Ne7 8.
Nxe5 d6 9. Nf3 Nxd5 10. c3 Bc5 11. Bc4 Nb6 12. Bb3 Be6 13. Bxe6 fxe6 14. d4 Ba3
15. bxa3 Nd5 16. Qc2 Rc8 17. Ng5 Rf5 18. Nxe6 Qf6 19. Ng5 Rxg5 20. Bxg5 Qxg5
21. Qb3 b6 22. Rfe1 c5 23. Qb5 Rf8 24. dxc5 Nf4 25. Qf1 Nh3+ 26. Kh1 Nxf2+ 27.
Kg1 Nh3+ 28. Kh1 Rxf1+ 29. Rxf1 Nf4 30. Rf2 dxc5 31. Re1 h6 32. Re4 Nd5 33. Kg1
Nxc3 34. Re8+ Kh7 35. Ra8 Qc1+ 36. Rf1 Ne2+ 37. Kf2 Qf4+ 38. Kxe2 Qe4+ 39. Kf2
Qxa8 40. Kg1 Qe4 41. h3 Qe3+ 42. Kh2 Qxa3 43. Rf2 c4 44. Rc2 Qd3 45. Rc1 c3 46.
Re1 Qd2 47. Re5 Qd6 0-1

[Event "Blackburne Friday Night Marathon"]
[Site "Berkeley"]
[Date "2009.04.03"]
[Round "4.9"]
[White "Yan, Jimmy"]
[Black "Nelson, Christopher"]
[Result "0-1"]
[WhiteElo "1315"]
[BlackElo "1420"]
[PlyCount "86"]
[EventDate "2009.??.??"]
[SourceDate "2007.10.22"]

1. e4 e5 2. Nf3 Nc6 3. Nc3 Nf6 4. Bc4 Bc5 5. O-O O-O 6. d3 d6 7. Bg5 a6 8. a3
b5 9. Ba2 Nb8 10. Ne2 Ba7 11. d4 exd4 12. Nexd4 c5 13. Bd5 h6 14. Bxf6 Qxf6 15.
Nb3 Be6 16. Bxa8 Bxb3 17. cxb3 Qxb2 18. Re1 c4 19. Re2 Qf6 20. bxc4 bxc4 21.
Rc1 c3 22. e5 dxe5 23. Rxc3 e4 24. Rcc2 exf3 25. Bxf3 Rd8 26. Red2 Re8 27. Rd6
Qxd6 28. Rd2 Qf6 29. h3 Bc5 30. a4 a5 31. Rc2 Bb4 32. Re2 Rxe2 33. Qxe2 Qa1+
34. Kh2 Qxa4 35. Qd3 Nd7 36. Qe3 Bd6+ 37. g3 Ne5 38. Be4 Qb5 39. Qd2 Qb6 40.
Bd5 Qd8 41. Qf4 h5 42. h4 Ng4+ 43. Kg2 Bxf4 0-1

[Event "Berkeley CC Santasiere FNM; 30/90, SD/3"]
[Site "Berkeley CA"]
[Date "2009.08.07"]
[Round "1.5"]
[White "Yan, Jimmy"]
[Black "Sherwood, Peter"]
[Result "1/2-1/2"]
[WhiteElo "1287"]
[BlackElo "1769"]
[PlyCount "83"]
[EventDate "2009.??.??"]
[SourceDate "2007.10.22"]

1. e4 c5 2. Nf3 d6 3. d4 cxd4 4. Nxd4 Nf6 5. Nc3 a6 6. Bd3 e5 7. Nf3 Be7 8. O-O
O-O 9. Re1 b5 10. a3 Bb7 11. b4 Nbd7 12. Be3 Rc8 13. Bd2 Nb6 14. a4 bxa4 15.
Nxa4 Nc4 16. Bc1 Qc7 17. Nb2 Nxb2 18. Bxb2 Qb6 19. h3 Qxb4 20. Rb1 Qa4 21. Bxe5
Bxe4 22. Bxf6 Bxf3 23. Qxf3 Bxf6 24. Re4 Qc6 25. Qf5 Qc5 26. Re5 g6 27. Rxc5
gxf5 28. Rxf5 Kg7 29. Bxa6 Rxc2 30. Rd1 Rc6 31. Bb5 Rc5 32. Rdd5 Rxd5 33. Rxd5
Be7 34. Bd3 Rc8 35. g3 Rc5 36. Rd4 h6 37. Kg2 Kf6 38. Kf3 Re5 39. Rf4+ Kg7 40.
Rd4 Kf6 41. Rf4+ Kg7 42. Rd4 1/2-1/2

[Event "BCC Adolf Anderssen Marathon"]
[Site "?"]
[Date "2009.01.09"]
[Round "1"]
[White "Yan, Jimmy"]
[Black "Sowell, Nelson"]
[Result "0-1"]
[WhiteElo "1172"]
[BlackElo "1738"]
[PlyCount "64"]
[EventDate "2009.??.??"]
[SourceDate "2007.10.22"]

1. e4 Nf6 2. Nc3 d5 3. d4 dxe4 4. Be3 e6 5. Bc4 c6 6. Bg5 Bb4 7. Qd2 Nbd7 8. a3
Qa5 9. Nge2 Bxc3 10. Nxc3 Qf5 11. O-O-O O-O 12. Rde1 b5 13. Bb3 a5 14. Rhf1 b4
15. axb4 axb4 16. Nb1 Ba6 17. Rg1 h6 18. Bf4 e5 19. dxe5 Nxe5 20. f3 Ng6 21.
Be3 Qa5 22. fxe4 Rfd8 23. Qf2 Re8 24. Bxh6 Qh5 25. Bd2 c5 26. c3 Ne5 27. Bc2 b3
28. Qf1 Bxf1 29. Bxb3 Nd3+ 30. Kc2 Nxe1+ 31. Bxe1 c4 32. Rxf1 Qe2+ 0-1

[Event "Berkeley CC Santasiere FNM; 30/90, SD/3"]
[Site "Berkeley CA"]
[Date "2009.08.21"]
[Round "3.6"]
[White "Yan, Jimmy"]
[Black "Sowell, Nelson M"]
[Result "1/2-1/2"]
[WhiteElo "1287"]
[BlackElo "1752"]
[PlyCount "120"]
[EventDate "2009.??.??"]
[SourceDate "2007.10.22"]

1. e4 Nf6 2. Nc3 d5 3. exd5 Nxd5 4. Nge2 Bg4 5. Nxd5 Qxd5 6. Nc3 Qe5+ 7. Be2
Nc6 8. O-O Bxe2 9. Nxe2 e6 10. d4 Qh5 11. Be3 Bd6 12. Nf4 Qf5 13. Qd2 O-O 14.
Rfe1 Rfd8 15. c3 a5 16. a3 e5 17. Ne2 a4 18. Ng3 Qg6 19. Rad1 h5 20. Qd3 Qxd3
21. Rxd3 g6 22. Ne4 Be7 23. f3 f5 24. Nf2 Kf7 25. g3 g5 26. dxe5 Nxe5 27. Rxd8
Nxf3+ 28. Kf1 Rxd8 29. Re2 g4 30. Kg2 Bg5 31. Bxg5 Nxg5 32. h3 Nf3 33. h4 Re8
34. Rxe8 Kxe8 35. Nd3 b6 36. Kf2 Kf7 37. Nf4 Nd2 38. Nxh5 Nc4 39. Nf4 Nxb2 40.
Ke2 Nc4 41. Kd3 Nxa3 42. Nd5 b5 43. Nxc7 Nc4 44. Nxb5 a3 45. Nxa3 Nxa3 46. Ke3
Kg6 47. Kf4 Nc4 48. h5+ Kxh5 49. Kxf5 Nd6+ 50. Kf4 Nb5 51. c4 Nd6 52. c5 Nb5
53. c6 Nc7 54. Kf5 Nb5 55. Kf4 Nd6 56. c7 Nc8 57. Kf5 Ne7+ 58. Ke6 Nc8 59. Kf5
Nb6 60. Ke4 Kg5 1/2-1/2

[Event "Blackburne Friday Night Marathon"]
[Site "Berkeley"]
[Date "2009.03.13"]
[Round "1"]
[White "Yan, Jimmy"]
[Black "Sowell, Nelson M"]
[Result "0-1"]
[WhiteElo "1315"]
[BlackElo "1720"]
[PlyCount "86"]
[EventDate "2009.??.??"]
[SourceDate "2007.10.22"]

1. e4 Nf6 2. Nc3 d5 3. Bd3 d4 4. Nce2 e5 5. c3 c5 6. Nf3 Qc7 7. b3 Be7 8. O-O
O-O 9. Bb2 Bg4 10. Ng3 Rd8 11. Rc1 Nc6 12. h3 dxc3 13. dxc3 Bh5 14. Nxh5 Nxh5
15. Qc2 Nf4 16. Rcd1 g5 17. Bc1 Kh8 18. Bc4 Bf6 19. Be3 b6 20. Bd5 Rg8 21. Qc1
Ne2+ 22. Kh1 Nxc1 23. Bxc1 g4 24. hxg4 Rxg4 25. Bc4 Rxe4 26. Bd3 Rg4 27. g3 Rd8
28. Bf5 Rgg8 29. Kg2 Rxd1 30. Rxd1 Ne7 31. Be4 Ng6 32. Rh1 b5 33. Bg5 Qe7 34.
Be3 a5 35. Rh6 a4 36. Rh5 axb3 37. Ng5 Bxg5 38. Bxg5 Qxg5 39. Rxg5 bxa2 40. Rh5
a1=Q 41. Rh2 Qxc3 42. g4 Nf4+ 43. Kh1 Qe1# 0-1

[Event "BCC Annual Championship"]
[Site "?"]
[Date "2008.11.21"]
[Round "5.11"]
[White "Yan, Jimmy"]
[Black "Stoll, Danny"]
[Result "1-0"]
[WhiteElo "1181"]
[BlackElo "1200"]
[PlyCount "59"]
[EventDate "2008.??.??"]
[SourceDate "2007.10.22"]

1. e4 c5 2. Nf3 d6 3. d4 cxd4 4. Nxd4 Nf6 5. Nc3 g6 6. Be3 Bg7 7. Bc4 O-O 8.
O-O Nc6 9. Re1 Ng4 10. Nxc6 bxc6 11. Qd2 Nxe3 12. Qxe3 Bb7 13. Rad1 Qd7 14. e5
Qg4 15. Rd4 Qd7 16. e6 Qd8 17. exf7+ Kh8 18. Rdd1 Bf6 19. Ne4 Bxb2 20. Qb3 Qb6
21. Qh3 Bg7 22. Ng5 h6 23. Rxe7 d5 24. Bd3 c5 25. Rde1 Qc6 26. Ne6 Bc8 27. Nxf8
Bxh3 28. Nxg6+ Kh7 29. Ne5+ Kh8 30. Nxc6 1-0

[Event "Berkeley CC FNM; 30/90, SD/30"]
[Site "Berkeley"]
[Date "2009.05.29"]
[Round "5"]
[White "Yan, Jimmy"]
[Black "Stoll, Danny"]
[Result "1-0"]
[WhiteElo "1317"]
[BlackElo "1280"]
[PlyCount "57"]
[EventDate "2009.??.??"]
[SourceDate "2007.10.22"]

1. e4 c5 2. Nf3 d6 3. d4 cxd4 4. Nxd4 Nf6 5. Nc3 g6 6. Bd3 Bg7 7. O-O O-O 8.
Nce2 Nc6 9. Nf3 Bg4 10. Nc3 Qd7 11. Be3 Ne5 12. Nxe5 dxe5 13. Qd2 Nh5 14. f3
Be6 15. Qe2 f5 16. Rad1 Nf4 17. Bxf4 exf4 18. exf5 Bxf5 19. Bc4+ Kh8 20. Rxd7
Bxd7 21. Rd1 Bc6 22. h3 e5 23. Bd5 Be8 24. Bxb7 Rb8 25. Be4 Rxb2 26. Rb1 Rxb1+
27. Nxb1 Bd7 28. Nc3 h5 29. Bxg6 1-0

[Event "BCC Adolf Anderssen Friday Night Marath"]
[Site "Berkeley"]
[Date "2009.01.23"]
[Round "3.13"]
[White "Zeng, Kairui"]
[Black "Edwards-el, John"]
[Result "1-0"]
[WhiteElo "1054"]
[BlackElo "1269"]
[PlyCount "31"]
[EventDate "2009.??.??"]
[SourceDate "2007.10.22"]

1. e4 c5 2. Nf3 g6 3. Nc3 Nc6 4. Bb5 Bg7 5. Bxc6 bxc6 6. d4 cxd4 7. Nxd4 d6 8.
Nxc6 Qc7 9. Qd5 a6 10. Be3 Bb7 11. Qa5 Qxc6 12. Nd5 Nf6 13. Nc7+ Kf8 14. Nxa8
Bxa8 15. f3 Nd7 16. Qd8# 1-0

[Event "BCC Championship"]
[Site "Berkeley"]
[Date "2008.12.19"]
[Round "8.13"]
[White "Zeng, Kairui"]
[Black "Landrum, Brett John"]
[Result "0-1"]
[WhiteElo "1007"]
[BlackElo "1480"]
[PlyCount "56"]
[EventDate "2008.??.??"]
[SourceDate "2007.10.22"]

1. e4 e5 2. Nf3 d6 3. Bc4 h6 4. O-O Bg4 5. d3 Nc6 6. c3 Qf6 7. Nbd2 Nge7 8. b3
Na5 9. Bb5+ c6 10. Ba4 b5 11. b4 Nb7 12. Bb3 a5 13. Bb2 a4 14. h3 Bxf3 15. Nxf3
axb3 16. axb3 Rb8 17. Ra2 Qe6 18. d4 Ng6 19. d5 Qc8 20. c4 Be7 21. Ra6 cxd5 22.
Qxd5 bxc4 23. Qb5+ Qd7 24. Qxd7+ Kxd7 25. bxc4 Rhc8 26. Rc1 Nf4 27. Kf1 Nd3 28.
Rc2 Nxb4 0-1

[Event "BCC Annual Championship"]
[Site "?"]
[Date "2008.11.07"]
[Round "3.12"]
[White "Zeng, Kairui"]
[Black "Magganas, Alexander"]
[Result "0-1"]
[WhiteElo "1007"]
[BlackElo "1078"]
[PlyCount "58"]
[EventDate "2008.??.??"]
[SourceDate "2007.10.22"]

1. e4 e6 2. Nf3 Ne7 3. Nc3 c6 4. e5 g6 5. d4 Bg7 6. Bd3 O-O 7. O-O b6 8. Na4
Na6 9. b3 Nb4 10. Be4 Na6 11. c3 d5 12. exd6 Qxd6 13. Qd2 Bd7 14. Ne5 Rad8 15.
Nc4 Qc7 16. Qf4 Qxf4 17. Bxf4 b5 18. Bd6 Rfe8 19. Nab6 axb6 20. Nxb6 f5 21.
Bxe7 Rxe7 22. Nxd7 fxe4 23. Ne5 Bxe5 24. dxe5 Rd5 25. a4 bxa4 26. Rxa4 Nc5 27.
Rc4 Rc7 28. b4 Nb3 29. Rxe4 Nd2 0-1

[Event "BCC Adolf Anderssen Friday Night Marath"]
[Site "Berkeley"]
[Date "2009.01.16"]
[Round "2.13"]
[White "Zeng, Kairui"]
[Black "Stoll, Danny"]
[Result "0-1"]
[WhiteElo "1054"]
[BlackElo "1371"]
[PlyCount "72"]
[EventDate "2009.??.??"]
[SourceDate "2007.10.22"]

1. e4 c5 2. Nf3 d6 3. d4 cxd4 4. Nxd4 Nf6 5. Nc3 g6 6. Bb5+ Bd7 7. Bxd7+ Qxd7
8. Be3 Bg7 9. Qd3 O-O 10. Qb5 Qg4 11. f3 Qxg2 12. O-O-O b6 13. h4 Qg3 14. Qg5
Qxg5 15. hxg5 Nh5 16. Ncb5 Nd7 17. Nc7 Rac8 18. Nd5 Rfe8 19. Nb5 a6 20. Na7 Rc4
21. Nxb6 Nxb6 22. Bxb6 Rb8 23. b3 Rc3 24. Ba5 Rc5 25. Bd2 Rb7 26. Be3 Rc3 27.
Bf2 Rxf3 28. Bg1 Ng3 29. Rh3 Ne2+ 30. Kd2 Nxg1 31. Rxf3 Nxf3+ 32. Ke3 Nxg5 33.
Nc6 Rc7 34. Nb8 Rxc2 35. Rd3 Rxa2 36. Rc3 Bxc3 0-1

[Event "David Pruess FNM; 30/90, SD/30"]
[Site "Berkeley"]
[Date "2008.10.03"]
[Round "5.11"]
[White "Zeng, Kairui"]
[Black "Strand, Douglas"]
[Result "1/2-1/2"]
[WhiteElo "1007"]
[BlackElo "1191"]
[PlyCount "41"]
[EventDate "2008.??.??"]
[SourceDate "2007.10.22"]

1. e4 a6 2. Nf3 b5 3. d4 Bb7 4. Bd3 e6 5. O-O c5 6. c3 Nf6 7. Re1 Be7 8. Bf4
O-O 9. Nbd2 d6 10. e5 Nd5 11. Bg3 Qb6 12. Qc2 g6 13. exd6 Bxd6 14. Be5 Nf4 15.
Be4 Bxe4 16. Qxe4 Nd5 17. c4 Bxe5 18. Nxe5 Nc7 19. Rac1 b4 20. d5 exd5 21. cxd5
1/2-1/2

[Event "David Pruess FNM; 30/90, SD/30"]
[Site "Berkeley"]
[Date "2008.09.26"]
[Round "4.7"]
[White "Zeng, Kairui"]
[Black "Van Gorder, Neil A"]
[Result "0-1"]
[WhiteElo "1007"]
[BlackElo "1448"]
[PlyCount "54"]
[EventDate "2008.??.??"]
[SourceDate "2007.10.22"]

1. e4 c5 2. Nf3 d6 3. b4 g6 4. c3 Bg7 5. bxc5 dxc5 6. d4 cxd4 7. cxd4 Bg4 8.
Bb2 Nc6 9. Bb5 a6 10. Ba4 b5 11. Bb3 Bxd4 12. Nc3 e6 13. Rc1 Nge7 14. Qe2 O-O
15. O-O Rc8 16. a3 Na5 17. Ba2 Nc4 18. Bxc4 Rxc4 19. h3 Bxf3 20. Qxf3 Qa5 21.
Rfd1 Nc6 22. Rd3 Ne5 23. Qe2 Nxd3 24. Qxd3 Rfc8 25. Qd2 Bxc3 26. Bxc3 Rxc3 27.
Rxc3 Qxc3 0-1

[Event "Berkeley CC FNM; 30/90, SD/30"]
[Site "Berkeley"]
[Date "2009.05.29"]
[Round "5"]
[White "Zhang, Jeffrey"]
[Black "Glasscoe, Alan S"]
[Result "1/2-1/2"]
[WhiteElo "1385"]
[BlackElo "1847"]
[PlyCount "60"]
[EventDate "2009.??.??"]
[SourceDate "2007.10.22"]

1. d4 Nf6 2. Nf3 d6 3. Bf4 c6 4. c3 Nbd7 5. h3 h6 6. e3 Qc7 7. Be2 e5 8. Bh2
Be7 9. O-O O-O 10. Qc2 Re8 11. Nbd2 Nh7 12. Bd3 Ng5 13. Nxg5 Bxg5 14. Nf3 Bf6
15. Rfe1 a5 16. a4 b6 17. Rad1 Bb7 18. Bg3 Re7 19. Bf1 Rae8 20. Qd2 Qc8 21. Nh2
Nf8 22. Ng4 Nd7 23. Nh2 d5 24. Ng4 exd4 25. exd4 Rxe1 26. Rxe1 Qd8 27. Rxe8+
Qxe8 28. Nxf6+ Nxf6 29. Bc7 Nd7 30. Qf4 Qe6 1/2-1/2

[Event "Blackburne Friday Night Marathon"]
[Site "Berkeley"]
[Date "2009.03.27"]
[Round "3.7"]
[White "Zhang, Jeffrey"]
[Black "Gonda, Thomas A"]
[Result "1-0"]
[WhiteElo "1337"]
[BlackElo "1692"]
[PlyCount "133"]
[EventDate "2009.??.??"]
[SourceDate "2007.10.22"]

1. e4 c5 2. c3 d6 3. d4 cxd4 4. cxd4 Nf6 5. Nc3 g6 6. Nf3 Bg7 7. Bd3 Bg4 8. O-O
O-O 9. Be3 Nbd7 10. Rc1 Qa5 11. h3 Bxf3 12. Qxf3 Rfc8 13. Bb1 Nb6 14. Rfd1 Nc4
15. Qe2 Qb4 16. b3 Nxe3 17. Qxe3 Nd7 18. Nd5 Rxc1 19. Qxc1 Qb5 20. Nxe7+ Kh8
21. Qc7 Re8 22. Bd3 Qg5 23. Qxd7 Qxe7 24. Qxe7 Rxe7 25. d5 Rc7 26. Kf1 Bb2 27.
Ke2 a5 28. Rd2 Be5 29. Rc2 Rxc2+ 30. Bxc2 b5 31. Kd3 Kg7 32. a4 bxa4 33. bxa4
h5 34. Kc4 g5 35. Kb5 Bc3 36. Kc6 Bb4 37. e5 Kf8 38. exd6 Ke8 39. d7+ Kd8 40.
Bd1 h4 41. g3 Be1 42. gxh4 Bxf2 43. hxg5 Bh4 44. Bh5 Bxg5 45. Bxf7 Bh4 46. Be6
Be1 47. Kb5 Kc7 48. h4 Bxh4 49. Kxa5 Bd8 50. Kb5 Kb7 51. a5 Ka7 52. a6 Bb6 53.
d6 Bd8 54. Bc4 Kb8 55. Kc6 Ka7 56. Bb5 Ba5 57. d8=Q Bxd8 58. Kd7 Bg5 59. Kc8
Ka8 60. d7 Ka7 61. d8=Q Bxd8 62. Kxd8 Kb6 63. Kd7 Ka7 64. Kc7 Ka8 65. Kb6 Kb8
66. a7+ Ka8 67. Bc6# 1-0

[Event "Purdy FNM; 30/90, SD/30"]
[Site "Berkeley"]
[Date "2010.01.22"]
[Round "3.11"]
[White "Zhang, Jeffrey Xia"]
[Black "Magganas, Aristotle"]
[Result "1-0"]
[WhiteElo "1573"]
[BlackElo "1283"]
[PlyCount "59"]
[EventDate "2010.??.??"]
[SourceDate "2007.10.22"]

1. d4 Nf6 2. Nf3 e6 3. Bf4 d5 4. e3 c5 5. c3 Qb6 6. Qb3 Qxb3 7. axb3 Nc6 8.
Nbd2 cxd4 9. exd4 Be7 10. h3 O-O 11. Bd3 h6 12. O-O Re8 13. Rfe1 Bd7 14. Ne5
Nxe5 15. Bxe5 b5 16. b4 Nh7 17. Nb3 f6 18. Bh2 Nf8 19. Nc5 Bxc5 20. bxc5 Bc6
21. b4 Nd7 22. Ra6 Nb8 23. Bxb8 Bb7 24. Raxe6 Rxe6 25. Rxe6 Rxb8 26. Bxb5 Kf7
27. Rd6 Bc8 28. Bc6 Ke7 29. Bxd5 Bd7 30. Ra6 1-0

[Event "BCC Adolf Anderssen Friday Night Marath"]
[Site "Berkeley"]
[Date "2009.01.16"]
[Round "2.10"]
[White "Zhang, Jeffrey"]
[Black "Muntean, Tudor"]
[Result "1/2-1/2"]
[WhiteElo "1172"]
[BlackElo "1428"]
[PlyCount "54"]
[EventDate "2009.??.??"]
[SourceDate "2007.10.22"]

1. e4 e5 2. Nf3 Nf6 3. Nc3 Bb4 4. Bc4 O-O 5. O-O Nc6 6. d3 h6 7. Bd2 d6 8. h3
Be6 9. Bb3 a5 10. a3 Bc5 11. Bxe6 fxe6 12. Be3 Nd4 13. Ne2 Nxf3+ 14. gxf3 Nh5
15. Bxc5 Qg5+ 16. Kh2 dxc5 17. Ng3 Nf4 18. Rh1 Qh4 19. Qf1 Rf6 20. Ne2 Nxe2 21.
Qxe2 Raf8 22. Raf1 Rxf3 23. Kg2 R8f6 24. Qxf3 Rxf3 25. Kxf3 Qf4+ 26. Ke2 c4 27.
f3 cxd3+ 1/2-1/2